| 000 | 00688nam a2200253Ia 4500 | ||
|---|---|---|---|
| 003 | OSt | ||
| 005 | 20221007075658.0 | ||
| 006 | a|||||r|||| 00| 0 | ||
| 007 | ta | ||
| 008 | 221006b |||||||| |||| 00| 0 eng d | ||
| 024 | _a31,356 | ||
| 037 | _cTextual | ||
| 040 |
_aFLL _cFLL _beng |
||
| 041 |
_2eng _aeng |
||
| 082 | _aZ2,315, N6 | ||
| 100 |
_aS.D. Singh _9694121 |
||
| 245 | 0 | _aLaw of partnership in India (rev. By V.P. Verma) | |
| 250 | _a5th | ||
| 260 |
_aNew Delhi _bOrient Law House India _c1996 |
||
| 300 |
_acxlviii,1640p _ccm. |
||
| 700 |
_a Gupta J.P. _992385 |
||
| 942 |
_hZ2,315, N6 _cTEXL _2CC |
||
| 999 |
_c1156985 _d1156985 |
||